00378nam a2200157Ia 4500003000400000005001700004008004100021020001500062040000900077082001700086100002100103245004400124260003100168300000900199650001200208OSt20200701110651.0190216s9999||||xx |||||||||||||| ||und|| a0333323726 coclc a907.2bMAR/N aMarwick, Arthur  4aThe Nature Of History /cArthur Marwick bMacmillan,c1981.aLondon: a316p aHistory